=LDR 00000nam 2200000 4500 =001 INLIS000000000018104 =005 20240702034607 =035 ##$$a 0010-061300000018104 =008 240702################g##########0#ind## =041 ##$$a Ind =082 ##$$a R.346.002 =090 ##$$a R.346.002, Sup k =100 ##$$a Suparni, Niniek =245 1#$$a Kitab undang-undang hukum perdata /$c Niniek Suparni, SH ; editor, Dr. Andi Hamzah, SH =260 ##$$a Jakarta :$b Rieneka Cipta,$c 1991 =300 ##$$a xvi, 488 hlm, ; $c 21 x 10 cm =650 #4$$a Hukum Perdata =850 ##$$a NBPNMAT =020 ##$$a 979-518-069-X =084 ##$$a R.346.002 SUP k =250 ##$$a Cet. 6 =700 #$$a Andi Hamzah =990 ##$$a 20700325 =990 ##$$a 20603408 =990 ##$$a 20603409 =990 ##$$a 20603410 =990 ##$$a 20603411 =990 ##$$a 20603408 =990 ##$$a 20700325 =990 ##$$a 20603409 =990 ##$$a 20603410 =990 ##$$a 20603411 =990 ##$$a 20603410 =990 ##$$a 20700325 =990 ##$$a 20603408 =990 ##$$a 20603409 =990 ##$$a 20603411 =990 ##$$a 20603410 =990 ##$$a 20700325 =990 ##$$a 20603408 =990 ##$$a 20603409 =990 ##$$a 20603411 =990 ##$$a 20603408 =990 ##$$a 20700325 =990 ##$$a 20603409 =990 ##$$a 20603410 =990 ##$$a 20603411 =990 ##$$a 27212721 =990 ##$$a 27212721 =990 ##$$a 27212721 =990 ##$$a 10606497 =990 ##$$a 20700325 =990 ##$$a 20603408 =990 ##$$a 20603409 =990 ##$$a 20603410 =990 ##$$a 20603411 =990 ##$$a 1200603360 =990 ##$$a 1200603361 =990 ##$$a 20609719 =990 ##$$a 20700325 =990 ##$$a 20603408 =990 ##$$a 20603409 =990 ##$$a 20603410 =990 ##$$a 20603411 =990 ##$$a 1200603360 =990 ##$$a 10606497 =990 ##$$a 20609718 =990 ##$$a 20700325 =990 ##$$a 20603408 =990 ##$$a 20603409 =990 ##$$a 20603410 =990 ##$$a 20603411 =990 ##$$a 20609719 =990 ##$$a 10606497